000 00796nam a2200205 i 4500
001 124895
003 ES-MaACL
005 20230906192522.0
007 t|
008 070423s1911 sp ||||1| spa d
245 0 0 _aEstados de situación y movimiento de fondos correspondientes al año de 1910
_b: Servicio Financiero. Segundo ejecicio.
260 _aMadrid :
_b[s.n.],
_c1911 (
_fImprenta de la Suc. de M. Minuesa)
300 _a23 p. ;
_c20 cm.
490 1 _aPublicaciones del Instituto Nacional de Previsión ;
_v16
500 _aPrecede al tít.: Instituto Nacional de Previsión.
710 2 _aInstituto Nacional de Previsión (España)
_95180
830 0 _aPublicaciones del Instituto Nacional de Previsión ;
_v16
_9181151
852 _aES-MaACL
_jC-12634(2)
999 _c124895
_d124895